000
00260pam a2200121 a 4500
020
_c
041
_a
eng
100
_a
Reves Emery.
245
_a
Antany Of Peace
_h
Textual Documents
260
_a
New York
_b
Penguin Books Ltd
300
_a
253p.
930
_a
15230
999
_c
92130
_d
92130